| 000 | 00961cab a2200301 4500 | ||
|---|---|---|---|
| 001 | ABS46288 | ||
| 008 | 090401t1992 xxu||||| |||| 00| 0 eng d | ||
| 035 | _a(Sirsi) u57589 | ||
| 041 | _aeng | ||
| 100 | _aPorter, R. | ||
| 245 | _aMaintaining quality in a service industry | ||
| 260 | _c1992 | ||
| 350 | _a0 | ||
| 490 |
_aIndependent _vApril 1992, 11-12(2) |
||
| 520 | _aTells of the experience of chartered surveyors, Watts & Partners, and the construction consultancy, Bucknall Austin, when they developed quality assurance procedures for registration under BS575. | ||
| 650 | _aBS 5750 | ||
| 650 | _aBSI | ||
| 650 | _aBUCKNALL AUSTIN | ||
| 650 | _aBUILDING SURVEYORS | ||
| 650 | _aABOUT RICS-RICS MEMBERS | ||
| 650 | _aQUALITY ASSURANCE | ||
| 650 | _aQUANTITY SURVEYORS | ||
| 650 | _aWATTS AND PARTNERS | ||
| 690 | _aMANAGEMENT-BUSINESS MANAGEMENT-PROFESSIONAL PRACTICE | ||
| 700 | _aGrice, T. | ||
| 942 | _n0 | ||
| 948 | _c04/03/1997 | ||
| 999 |
_c35133 _d35133 |
||